00863nam a22001817a 4500003000400000005001700004008004100021040001500062245003300077500033700110650001500447650002900462650001400491650001500505650002000520856005100540856009000591OSt20250217141806.0241018b |||||||| |||| 00| 0 eng d aChapcChap00aCambridge Journal Collection a343 títulos con factor de impacto. Colección multidisciplinaria con acceso a texto completo y retrospectivo. 38 títulos en Acceso Abierto. Temáticas: Humanidades y ciencias del comportamiento, ley química y biología, ciencias de la ingeniería, economía y ciencias sociales, biotecnología y ciencias agriculturales. 4aEconomía 4aHumanidadesxFilosofía 4aQuímica 4aBiología 4aBiotecnología uhttp://www.cambridge.org/corezACCESO RED UACh uhttps://chapingo.idm.oclc.org/login?url=http://www.cambridge.org/corezACCESO EXTERNO